000
00301nam a2200121 a 4500
005
20141022141959.0
008
120229s19uu xx 00 eng d
050
_a
CD-ROM
_b
Ste41 2006
100
_a
Stewart, Mary
245
_a
Launching imagination /
_c
Mary Stewart.
260
_c
2006.
942
_c
AVM
999
_c
276164
_d
276164